01166nam a2200241 a 4500001001000000003000400010005001700014008004100031040002500072082002200097245006300119260005200182300002000234500003600254590002600290610007500316650007400391910003700465942001400502952019200516952019900708999001700907000033521OSt20210428141528.0110411s1930 dr 000 0 spa d aDO-SdBNPbspacBNPHU a371.006bE79a22201aEstatutos de la Asociación de Maestros de Santo Domingo. aSanto Domingo :bImprenta P. A. Gómez,c1930. a19 p. ;c24 cm. aFundada el 15 de agosto de 1925 aInventariado, 2019/VM14aASOCIACIONES DE MAESTROSzSANTO DOMINGO, REPÚBLICA DOMINICANA959034 4aMaestroszRepública DominicanavEstatutos, Reglamentos, etc.959032 aValidado. Control de calidad MFF 2ddccLBS1 00102ddc51718PDaBNPHUbPDcHDd2011-08-30l0oBNPHU PD-F-RV 371.006 E79ap33521-10r2020-06-25w2020-06-25yLFPDzPerteneció a la biblioteca personal de Carlos Larrazábal Blanco 00102ddc51728PDaBNPHUbPDcHDd2011-08-30l0oBNPHU PD-F-RV 371.006 E79ap33521-20r2020-06-25te. 2w2020-06-25yLFPDzPerteneció a la biblioteca personal de Carlos Larrazábal Blanco c33012d33012